Online
Catalog

Tiempos presentes / (Record no. 807)

MARC details
000 -CABECERA
campo de control de longitud fija 01622nam a2200373 a 4500
001 - NÚMERO DE CONTROL
campo de control 000000811
003 - IDENTIFICADOR DEL NÚMERO DE CONTROL
campo de control DO-SdBNP
005 - FECHA Y HORA DE LA ÚLTIMA TRANSACCIÓN
campo de control 20250703111105.0
008 - DATOS DE LONGITUD FIJA--INFORMACIÓN GENERAL
campo de control de longitud fija 090522s2002 sp 000 0 spa d
020 ## - NÚMERO INTERNACIONAL ESTÁNDAR DEL LIBRO
Número Internacional Estándar del Libro 8474328896
020 ## - NÚMERO INTERNACIONAL ESTÁNDAR DEL LIBRO
Número Internacional Estándar del Libro 9788474328899
040 ## - FUENTE DE LA CATALOGACIÓN
Centro catalogador/agencia de origen DO-SdBNP
Lengua de catalogación spa
Centro/agencia transcriptor BNPHU
041 17 - CÓDIGO DE LENGUA
Código de lengua del texto/banda sonora o título independiente spa
Fuente del código ger
082 ## - NÚMERO DE LA CLASIFICACIÓN DECIMAL DEWEY
Número de clasificación 320.01
Número de documento/Ítem A681t
100 1# - ENTRADA PRINCIPAL--NOMBRE DE PERSONA
Nombre de persona Arendt, Hannah,
Fechas asociadas al nombre 1906-1975
9 (RLIN) 2815
245 10 - MENCIÓN DE TÍTULO
Título Tiempos presentes /
Mención de responsabilidad, etc. Hannah Arendt ; traducción R.S. Carbó ; edición Marie Luise Knott.
260 ## - PUBLICACIÓN, DISTRIBUCIÓN, ETC.
Lugar de publicación, distribución, etc. Barcelona :
Nombre del editor, distribuidor, etc. Gedisa,
Fecha de publicación, distribución, etc. 2002.
300 ## - DESCRIPCIÓN FÍSICA
Extensión 222 p. ;
Dimensiones 23 cm.
490 0# - MENCIÓN DE SERIE
Mención de serie Cla De Ma
500 ## - NOTA GENERAL
Nota general Título original en alemán: Zur zeit. Politische essays.
500 ## - NOTA GENERAL
Nota general Datos del libro y del autor en la contracubierta.
500 ## - NOTA GENERAL
Nota general Incluye una cronología del autor: p. 219-220.
500 ## - NOTA GENERAL
Nota general Incluye un listado de obras en castellano del autor: p. 221-222.
505 0# - NOTA DE CONTENIDO CON FORMATO
Nota de contenido con formato Nosostros, los refugiados -- El problema alemán -- Visita a Alemania 1950 -- Europa y América -- Little Rock -- Desobediencia civil -- 200 años de la revolución americana -- Epílogo a la reedición -- Notas -- El problema alemán no es ningún problema alemán -- Cronología -- Obras de Hannah Arendt publicadas en castellano.
650 #0 - PUNTO DE ACCESO ADICIONAL DE MATERIA--TÉRMINO DE MATERIA
Término de materia o nombre geográfico como elemento de entrada Ciencia política
Subdivisión general Filosofía
Subdivisión cronológica Siglo XX
9 (RLIN) 20383
650 #0 - PUNTO DE ACCESO ADICIONAL DE MATERIA--TÉRMINO DE MATERIA
Término de materia o nombre geográfico como elemento de entrada Ciencia política
Subdivisión general Filosofía
9 (RLIN) 20383
650 #4 - PUNTO DE ACCESO ADICIONAL DE MATERIA--TÉRMINO DE MATERIA
Término de materia o nombre geográfico como elemento de entrada Estados unidos
Subdivisión general Historia
9 (RLIN) 2818
650 #4 - PUNTO DE ACCESO ADICIONAL DE MATERIA--TÉRMINO DE MATERIA
Término de materia o nombre geográfico como elemento de entrada Alemania
Subdivisión general Historia
9 (RLIN) 2819
650 #4 - PUNTO DE ACCESO ADICIONAL DE MATERIA--TÉRMINO DE MATERIA
Término de materia o nombre geográfico como elemento de entrada Europa
Subdivisión general Historia
9 (RLIN) 2820
700 1# - PUNTO DE ACCESO ADICIONAL--NOMBRE DE PERSONA
Nombre de persona Carbó, R.S.,
Término indicativo de función/relación tr.
9 (RLIN) 2821
700 1# - PUNTO DE ACCESO ADICIONAL--NOMBRE DE PERSONA
Nombre de persona Knott, Marie Luise,
Término indicativo de función/relación ed.
9 (RLIN) 2822
830 #0 - PUNTO DE ACCESO ADICIONAL DE SERIE-TÍTULO UNIFORME
Título uniforme Cla De Ma
-- Filosofía
9 (RLIN) 2823
942 ## - ELEMENTOS DE PUNTO DE ACCESO ADICIONAL (KOHA)
Fuente del sistema de clasificación o colocación Dewey Decimal Classification
Tipo de ítem Koha Libro
Holdings
Estado de retiro Estado de pérdida Restricciones de uso No para préstamo Código de colección Localización permanente Ubicación/localización actual Ubicación en estantería Fecha de adquisición Número de inventario Total de préstamos Signatura topográfica completa Código de barras Fecha visto por última vez Precio válido a partir de Tipo de ítem Koha
    Préstamo interno Préstamo en sala Dominicana de Servicio Biblioteca Nacional Pedro Henríquez Ureña Biblioteca Nacional Pedro Henríquez Ureña Depósito 26.08.2009 LF1   320.01 A681t 811-10 25.06.2020 25.06.2020 Libros y folletos

Powered by Koha